[Event "Marienbad IM-I 2022"]
[Site "Marianske Lazne"]
[Date "2022.01.18"]
[Round "5.11"]
[White "Plischki, Sebastian"]
[Black "Matras, Ondrej"]
[Result "1-0"]
[WhiteElo "2375"]
[BlackElo "2223"]
[Annotator "RC"]
[PlyCount "65"]
[EventDate "2022.01.15"]
[EventType "tourn"]
[EventCountry "CZE"]
[SourceTitle "playchess.com"]
[Source "ChessBase"]
[SourceQuality "1"]
[TimeControl "40/5400+30:1800+30"]

1. c4 {[%emt 0:00:03]} Nf6 {[%emt 0:00:52]} 2. Nc3 {[%emt 0:00:10]} g6 {[%emt 0:01:23]} 3. e4 {[%emt 0:00:14]} d6 {[%emt 0:00:10]} 4. d4 {[%emt 0:00:06]} Bg7 {[%emt 0:00:06]} 5. Be2 {[%emt 0:00:16]} c6 {[%emt 0:04:20]} 6. Nf3 {[%emt 0:01:01]} O-O {[%emt 0:00:22]} 7. O-O {[%emt 0:00:15]} Bg4 {[%emt 0:04:29]} 8. Be3 {[%emt 0:01:25]} Nbd7 {[%emt 0:02:39]} 9. Ne1 {[%emt 0:06:50]} Bxe2 {[%emt 0:01:09]} 10. Qxe2 {[%emt 0:00:08]} c5 {[%emt 0:00:50]} 11. dxc5 {[%emt 0:08:00]} dxc5 {[%emt 0:01:17]} 12. Rd1 {[%emt 0:01:23]} Qc8 {[%emt 0:01:24]} 13. f4 {[%emt 0:02:06]} e6 {[%emt 0:01:56]} 14. e5 {[%emt 0:03:55]} Ne8 {[%emt 0:00:03]} 15. Rxd7 {[%emt 0:05:23]} Qxd7 {[%emt 0:00:02]} 16. Bxc5 {[%emt 0:00:09]} Rc8 {[%emt 0:00:15]} 17. Bxf8 {[%emt 0:00:33]} Bxf8 {[%emt 0:00:12]} 18. Nf3 {[%emt 0:00:43]} Bb4 {[%emt 0:03:35]} 19. Ne4 {[%emt 0:02:30]} Qc6 {[%emt 0:00:04]} 20. b3 {[%emt 0:02:05]} Rd8 {[%emt 0:00:02]} 21. h3 {[%emt 0:04:21]} h5 {[%emt 0:01:13]} 22. Kh2 {[%emt 0:00:58]} Kg7 {[%emt 0:00:42]} 23. g4 {[%emt 0:03:33]} hxg4 {[%emt 0:00:12]} 24. hxg4 {[%emt 0:00:06]} Be7 {[%emt 0:01:37]} 25. Kg3 {[%emt 0:00:38]} Nc7 {[%emt 0:03:30]} 26. Rh1 {[%emt 0:01:47]} Rh8 {[%emt 0:00:02]} 27. Rxh8 {[%emt 0:00:11]} Kxh8 {[%emt 0:00:02]} 28. g5 {[%emt 0:13:48]} Ne8 {[%emt 0:01:15]} 29. Nf6 {[%emt 0:02:12]} Nxf6 {[%emt 0:01:32]} 30. gxf6 {[%emt 0:00:28]} Bb4 {[%emt 0:00:25]} 31. a3 {[%emt 0:01:23]} Bxa3 {[%emt 0:00:45]} 32. Qh2+ {[%emt 0:00:23]} Kg8 {[%emt 0:00:02]} 33. Ng5 {[%emt 0:00:07]} 1-0

[Event "Marienbad IM-I 2022"]
[Site "Marianske Lazne"]
[Date "2022.01.18"]
[Round "5.12"]
[White "Redzisz, Michal"]
[Black "Ricken, Katharina"]
[Result "1/2-1/2"]
[WhiteElo "2261"]
[BlackElo "2004"]
[Annotator "TA"]
[PlyCount "108"]
[EventDate "2022.01.15"]
[EventType "tourn"]
[EventCountry "CZE"]
[SourceTitle "playchess.com"]
[Source "ChessBase"]
[SourceQuality "1"]

{[%evp 18,108,45,32,60,32,39,30,38,31,41,15,22,16,17,0,0,0,27,0,0,0,3,3,34,31,36,14,39,36,41,27,22,17,69,75,185,37,35,36,35,18,22,0,0,0,0,0,0,0,0,0,10,0,7,0,21,28,75,59,69,30,62,0,14,0,0,0,0,0,0,0,0,0,0,-28000,-28000,-28000,-28000,-28000,-28000,-28000,-28000,-28000,-28000,-28000,-28000,-28000,-28000,-28000,-28000,-28000,-28000]} 1. Nf3 c5 2. e4 g6 3. d4 cxd4 4. Nxd4 Nc6 5. c4 Nf6 6. Nc3 d6 7. Be2 Nxd4 8. Qxd4 Bg7 9. Be3 O-O 10. Qd2 a5 {B36: Sicilian: Maroczy Bind: Gurgenidze System.} 11. Rc1 a4 12. O-O Qa5 {White has an edge.} 13. Rc2 {13.Rfd1 is the modern continuation.} Be6 14. f3 Rfc8 15. Rfc1 Nd7 16. Nd5 Qxd2 17. Bxd2 Kf8 {[#]} 18. Bc3 $146 (18. Be3 {seems wilder.} h5 19. g3 Ke8 20. Kg2 Rab8 21. h3) ({Predecessor:} 18. Bg5 Bxd5 19. cxd5 Rxc2 20. Rxc2 Nc5 21. Be3 e6 22. dxe6 Nxe6 23. Bc4 Rc8 24. Bb3 Rxc2 25. Bxc2 {1-0 (61) Nabaty,T (2485)-Parligras,M (2551) Albena 2010}) 18... Bxc3 19. Rxc3 Bxd5 20. cxd5 Rc5 21. Rxc5 Nxc5 $14 {[%mdl 4096] Endgame KRB-KRN} 22. Kf2 Ke8 23. Ke3 Kd7 24. Kd4 e6 25. Bb5+ Kc7 (25... Ke7 $11) 26. dxe6 Kb6 {[#]} (26... fxe6 $16 27. Kc3 (27. e5 b6 $14) 27... Ra5) 27. Be2 ({White has to play} 27. exf7 $1 $18 {Hoping for Be8.} Kxb5 28. Kd5) 27... Nxe6+ 28. Ke3 Ra5 29. Rc4 Rb5 30. Rxa4 (30. Rc2 $5 {[%cal Re2b5]} Rh5 31. Rd2 $14) 30... Rxb2 31. h4 h5 32. g4 hxg4 33. fxg4 Rb1 34. Bf3 Rb2 35. Be2 Rb1 36. Bf3 Rb2 37. h5 gxh5 (37... Rh2 $11) 38. gxh5 $16 Rh2 39. Rb4+ Kc7 $1 40. Rb5 (40. a4 $14) 40... Rxa2 $11 {[#] ...Ra3+ is the strong threat.} 41. Rf5 Kd8 $1 ({Resist} 41... Ra3+ 42. Kf2 $16) 42. Rxf7 Ng5 43. Rf5 {[%mdl 8192]} (43. Rf8+ $11 Ke7 44. Rf5 Ra3+ 45. Kf2 Rxf3+ 46. Rxf3 Nxf3 47. Kxf3) 43... Ra3+ 44. Kf2 Rxf3+ 45. Rxf3 Nxf3 46. Kxf3 {KPP-KPP} Ke7 {Mate.} 47. Ke3 Kf6 48. Kd4 b5 49. Kc3 Kg5 50. Kb4 Kxh5 51. Kxb5 Kg5 52. Kc6 Kf4 53. Kd5 Ke3 54. Kxd6 Kxe4 {[%mdl 32768] Weighted Error Value: White=0.14 (very precise) /Black=0.07 (flawless) . An unexpected result.} 1/2-1/2

[Event "Marienbad IM-I 2022"]
[Site "Marianske Lazne"]
[Date "2022.01.18"]
[Round "5.13"]
[White "Gnojek, Petr"]
[Black "Smolik, Jachym"]
[Result "1-0"]
[WhiteElo "2257"]
[BlackElo "2244"]
[Annotator "TA"]
[PlyCount "117"]
[EventDate "2022.01.15"]
[EventType "tourn"]
[EventCountry "CZE"]
[SourceTitle "playchess.com"]
[Source "ChessBase"]
[SourceQuality "1"]

{[%evp 21,117,27,27,29,27,16,29,29,44,46,34,37,49,35,34,36,67,27,66,56,52,60,47,48,48,37,54,50,54,36,80,52,39,32,48,28,24,0,6,0,20,20,27,35,41,21,35,24,27,0,27,0,27,0,27,27,32,0,43,38,151,35,92,43,134,142,172,179,421,416,390,299,277,133,287,2,3,-21,-27,-101,59,58,58,-244,-244,-244,-244,-244,0,0,0,0,0,0,1118,1086,993,977]} 1. d4 Nf6 2. c4 e6 3. Nf3 Bb4+ 4. Nbd2 b6 5. a3 Bxd2+ 6. Qxd2 a5 7. b3 Bb7 8. e3 d6 9. Be2 Nbd7 10. Bb2 Qe7 11. O-O O-O 12. Rad1 {E14: Queen's Indian: Classical Variation (4 e3).} Rfd8 13. Qc3 {[#]} Rac8 $146 ({Predecessor:} 13... d5 14. cxd5 Nxd5 15. Qc2 c5 16. Bc4 N5f6 17. Qe2 a4 18. dxc5 bxc5 19. bxa4 Rxa4 {½-½ (52) Roiz,M (2651)-Kortschnoj,V (2567) Porto Carras 2011}) 14. b4 {White has an edge.} axb4 15. axb4 c5 16. Ra1 Ne4 17. Qb3 Nb8 18. Rfd1 Na6 19. Ba3 (19. b5 $5 {[%cal Rb5a6]} Nb4 20. Ra7 $14) 19... Rb8 20. Nd2 (20. b5 {looks sharper.} Nc7 21. Qc2 Ne8 22. Bb2 N8f6 23. Nd2) 20... Nxd2 21. Rxd2 cxd4 22. Rxd4 Nc7 23. Rad1 e5 24. R4d2 (24. Rg4 h5 25. Rg3 h4 $15) 24... Ne6 25. f3 Kh8 (25... h5 $14) 26. Bb2 Bc6 27. Qc3 f6 28. Bf1 Be8 29. e4 Qc7 30. Qe3 Bf7 (30... b5 $5 {[%cal Rb5c4]}) 31. g3 Bh5 32. h4 Ra8 33. Kf2 Bf7 34. Be2 Ra4 35. Qb3 Raa8 {[%cal Ob6b5]} 36. Qe3 Ra4 37. Qb3 Raa8 {[%cal Ob6b5]} 38. Rc1 Rf8 39. Rcd1 Rad8 (39... Rfd8 $11) 40. Qe3 $14 Bg6 (40... Rfe8 $14) 41. Kg2 (41. f4 $16) 41... Be8 (41... Bf7 $14) 42. Kh2 (42. f4 $16) 42... Rd7 (42... Bh5 $14) 43. f4 $1 $16 Nd8 {[%cal Be6d8,Bd8c6,Bc6d4][%mdl 32]} 44. Bg4 Re7 (44... Nf7 {was worth a try.} 45. Bxd7 Bxd7) 45. fxe5 $18 fxe5 46. Rxd6 Nc6 47. Bc3 {A strong pair of Bishops.} (47. c5 bxc5 48. Qxc5 Nd4 $18) (47. R1d2 $18) 47... Ref7 $2 (47... Nd4 $16 48. Bxd4 Qxd6 49. Bxb6 (49. Bc5 Qg6 $16) 49... Qxb4) 48. Kg2 $2 (48. h5 $18) 48... Nd4 $1 $11 49. c5 {Active counter play!} bxc5 50. bxc5 (50. Rd5 $1 $11 {keeps the balance.} cxb4 51. Bxd4 (51. Bxb4 Rf2+ 52. Qxf2 Rxf2+ 53. Kxf2 h5 $15) 51... exd4 52. Qxd4) 50... Qxc5 $2 ({Black should try} 50... Nc2 $1 $17 {[%cal Rc2e3]} 51. Qg1 Rf2+ 52. Kh3 Ne3) 51. Rd5 $1 $14 Rf2+ 52. Qxf2 $4 {[%mdl 8192]} (52. Kh3 $1 $14 Qc7 53. Bxd4 exd4 54. R5xd4) 52... Rxf2+ $19 53. Kxf2 Qxc3 54. Rd8 {[%cal Rd8e8]} Qc6 ({Better is} 54... Qc2+ $1 $19 55. Kg1 h6 $1 56. Rxe8+ Kh7) 55. Rc8 $1 $11 {Really sharp!} Qf6+ 56. Kg1 Qf7 {White must now prevent ...h5.} 57. Rf1 Qe7 {[%mdl 8192] [#]} (57... Qg8 $11) 58. Bd7 $1 $18 {[%mdl 576] Pin} Ne2+ (58... g6 59. Rxe8+) 59. Kh2 {Weighted Error Value: White=0.41/Black=0.33} 1-0

[Event "Marienbad IM-I 2022"]
[Site "Marianske Lazne"]
[Date "2022.01.18"]
[Round "5.14"]
[White "Frank, Adam"]
[Black "Bracker, Arne"]
[Result "0-1"]
[WhiteElo "2339"]
[BlackElo "2268"]
[Annotator "TA"]
[PlyCount "78"]
[EventDate "2022.01.15"]
[EventType "tourn"]
[EventCountry "CZE"]
[SourceTitle "playchess.com"]
[Source "ChessBase"]
[SourceQuality "1"]

{[%evp 17,78,34,45,16,10,9,14,0,4,13,24,60,28,0,57,50,53,56,57,58,58,60,62,60,64,47,48,16,20,14,33,29,32,28,32,32,42,39,52,35,116,131,114,62,62,58,65,71,101,0,0,-1006,-990,-1820,-1812,-1400,-1321,-12832,-12831,-12827,-12828,-5399,-1994]} 1. e4 e5 2. Nf3 Nc6 3. Bb5 a6 4. Ba4 Nf6 5. O-O b5 6. Bb3 Bc5 7. c3 d6 8. d4 Bb6 9. a4 Rb8 10. a5 {C78: Ruy Lopez: Archangelsk and Möller Defences.} Ba7 (10... Bxa5 $2 11. dxe5 dxe5 12. Qxd8+ Kxd8 13. Bd5 (13. Bxf7 Bb6 $16) 13... Nxd5 14. exd5 $18) 11. h3 O-O 12. Be3 {The position is equal.} Ra8 {12...Re8 is the modern continuation.} 13. Nbd2 Bb7 14. Re1 Re8 {[#]} 15. dxe5 $146 ({Predecessor:} 15. d5 Ne7 16. Bxa7 Rxa7 17. c4 c6 18. Bc2 h6 19. b3 cxd5 20. cxd5 Bc8 21. b4 {0-1 (45) Sychev,K (2572)-Grigoriants,S (2546) Chess.com INT 2020}) 15... Bxe3 (15... Nxe5 $11 16. Nxe5 dxe5) 16. exf6 $14 ({Don't play} 16. Rxe3 Nxe5 17. Qe2 c5 $11) 16... Bxd2 17. Qxd2 {[%cal Ob3f7] Hoping for Bxf7+!} Qxf6 18. Bd5 Rab8 19. b4 Ne5 20. Nxe5 Rxe5 21. Bxb7 Rxb7 22. Rad1 Rb8 23. Qd4 {Threatens to win with Qa7.} Ra8 {Inhibits Qa7.} 24. Re3 g6 25. f3 Qf4 26. Red3 h5 27. Kh1 Rg5 28. Qf2 Re8 (28... Kh7 $14) 29. Qa7 $1 $16 {[%csl LRa6,LRc7]} Qg3 {[%csl Gg5][%cal Rg3g2]} 30. R3d2 ({White should play} 30. Rg1 $1 $16) 30... d5 $1 $14 31. Qxa6 dxe4 32. Qc6 {[%csl LRe4,LRe8]} Re6 {[#]} 33. Qa8+ (33. Qxe6 $1 $16 {[%mdl 512] White threatens Qf6 and mate.} fxe6 34. Rd8+ Kg7 35. R1d7+ Kf6 36. Rf8+ Ke5 37. f4+ Qxf4 38. Rxf4 Kxf4 39. a6) 33... Kg7 $11 34. fxe4 {[%mdl 8192]} (34. f4 $11 Qxf4 35. Rd8) 34... Rd6 $19 {( -> ...Rxd2). Black is clearly winning.} 35. Qa7 Rxd2 {[%mdl 64] Overworked Piece} 36. Rxd2 Qe1+ 37. Kh2 Qxd2 {[%csl Gg5][%cal Rd2g2]} 38. Qd4+ Qxd4 39. cxd4 {[#]} h4 $1 {Weighted Error Value: White=0.77/Black=0.11 (very precise)} 0-1

[Event "Marienbad IM-I 2022"]
[Site "Marianske Lazne"]
[Date "2022.01.18"]
[Round "5.15"]
[White "Jurek, Josef"]
[Black "Mantovani, Renzo"]
[Result "1/2-1/2"]
[WhiteElo "2207"]
[BlackElo "2272"]
[Annotator "TA"]
[PlyCount "41"]
[EventDate "2022.01.15"]
[EventType "tourn"]
[EventCountry "CZE"]
[SourceTitle "playchess.com"]
[Source "ChessBase"]
[SourceQuality "1"]

{[%evp 20,26,52,53,54,50,57,41,58]} 1. Nf3 Nf6 2. c4 c5 3. g3 b6 4. Bg2 Bb7 5. O-O e6 6. Nc3 a6 7. b3 Be7 8. d4 cxd4 9. Qxd4 d6 10. Ba3 Nc6 11. Qf4 {White is slightly better.} Qc7 {A30: Symmetrical English: Double Fianchetto and Hedgehog.} 12. Rfd1 {[%cal Ra3d6]} Rd8 13. Rac1 {[%cal Oc3d5] Black must now prevent Nd5!} Qb8 {[#]  Weighted Error Value: White=0.05 (flawless) /Black=0.00 (flawless)} {Predecessor:} 14. Rd3 $146 O-O 15. Rcd1 e5 16. Qe3 b5 17. Nd5 b4 18. Nxf6+ Bxf6 19. Bb2 Ne7 20. Ng5 Bxg2 21. Kxg2 {1-0 (64) Georgiev,K (2634)-Ftacnik,L (2562) Austria 2009} 1/2-1/2

[Event "Marienbad IM-I 2022"]
[Site "Marianske Lazne"]
[Date "2022.01.19"]
[Round "6.11"]
[White "Matras, Ondrej"]
[Black "Mantovani, Renzo"]
[Result "1/2-1/2"]
[WhiteElo "2223"]
[BlackElo "2272"]
[Annotator "TA"]
[PlyCount "117"]
[EventDate "2022.01.15"]
[EventType "tourn"]
[EventCountry "CZE"]
[SourceTitle "playchess.com"]
[Source "ChessBase"]
[SourceQuality "1"]

{[%evp 17,117,0,12,14,24,6,20,10,32,-19,-24,-22,-24,-29,-26,-32,-16,-26,-10,-10,-14,-13,-15,-13,-13,-25,-15,-35,-37,-36,-18,-15,-21,-25,0,0,4,0,0,0,0,0,13,0,24,19,30,8,43,43,44,51,70,70,72,72,81,89,284,169,234,29,25,16,218,55,55,55,63,8,18,0,81,8,8,0,81,0,0,0,0,0,0,0,0,0,0,0,0,0,0,0,0,0,0,0,0,0,0,0,0,0]} 1. d4 Nf6 2. c4 e6 3. Nc3 Bb4 4. Qc2 c5 5. dxc5 Bxc5 6. Nf3 O-O 7. a3 b6 8. Bg5 Bb7 9. e3 h6 10. Bh4 {E39: Nimzo-Indian: Classical: 4...c5 5 dxc5 0-0.} Be7 11. Bd3 d6 12. O-O Nbd7 {[%cal Bb8d7,Bd7e5,Be5d3][%mdl 32] [#]} 13. b4 $146 (13. Be2 $14) ({Predecessor:} 13. Ne4 Rc8 14. Rac1 Re8 15. Rfd1 Qc7 16. Nxf6+ Nxf6 17. Nd4 a6 18. b4 Qb8 19. Qe2 {0-1 (35) Simic,A (1708)-Krstic,A (1861) Nis 2015}) 13... Rc8 14. Rac1 Bxf3 15. gxf3 Ne5 16. Qe2 d5 17. cxd5 Nxd3 (17... Nxd5 {is interesting.} 18. Bxe7 Qxe7 19. Nxd5 exd5 20. f4 Nxd3 21. Rxc8 Rxc8 22. Qxd3 Qd7) 18. Qxd3 Nxd5 19. Bxe7 Nxe7 20. Qxd8 Rfxd8 {[%cal Bf8d8,Bd8d3,Bd3a3][%mdl 32]} 21. Nb5 a6 22. Nc7 Rd3 23. Nxa6 Rxa3 24. Rxc8+ Nxc8 $15 {[%mdl 4096] Endgame KRN-KRN} 25. Rc1 Na7 (25... Rxa6 26. Rxc8+ Kh7 27. Rb8 $14) (25... Ne7 $5 {[%cal Ra3a6]} 26. Nc7 g5 $15) 26. Nb8 Rb3 27. Rc4 Nb5 28. Nd7 g5 29. h4 Nd6 30. Rg4 f5 31. Rd4 Nf7 32. Nxb6 gxh4 (32... Ne5 $5 {[%cal Re5f3]} 33. Kg2 Nd3 $11) 33. Rxh4 Ne5 $1 {Prevents Nd7.} 34. Rxh6 Kf7 35. f4 $1 Ng4 36. Rh7+ Kg6 37. Re7 {aiming for Nd7.} Rxb4 $2 (37... Kf6 $2 38. Rb7 $18) (37... Rb1+ $16 38. Kg2 Rb2) 38. Rxe6+ (38. Nd7 $142) 38... Kf7 {[#]} (38... Kg7 $142 39. Nc8 Rb2) 39. Re7+ $3 {[%mdl 512]} Kg6 $1 $11 40. Nd5 Rb1+ 41. Kg2 {Black must now prevent f3.} Rb2 42. Kg3 Rxf2 43. e4 ({White should try} 43. Ra7 $14 Re2 44. Rb7) 43... Rd2 44. Rd7 Ne3 {[#]} 45. Rd6+ ({Much worse is} 45. Nxe3 $6 Rxd7 46. Nxf5 Kf6 $11) (45. Ne7+ Kf7 46. Nd5+ (46. Rxd2 Nf1+ 47. Kh3 Nxd2 $11) (46. Nxf5+ Rxd7 47. Nxe3 Rd3 $11) 46... Ke6 47. Re7+ (47. Nxe3 Rxd7 48. Nxf5 Rd3+ 49. Kg4 Rd1 $11) 47... Kd6 $11) ({White should play} 45. Kf3 $1 $16 {Threatens to win with Ne7+.} Nxd5 46. exd5) 45... Kf7 46. Kf3 Nxd5 (46... Rd3 $1 $11 47. Rd7+ (47. Nxe3 fxe4+ 48. Kxe4 Rxd6 $11) 47... Ke6 48. Re7+ Kd6) 47. exd5 {KR-KR} (47. Rxd5 $16 fxe4+ 48. Kxe4 Rxd5 49. Kxd5) 47... Rd4 {The position is equal.} 48. Kg3 Rd1 49. Rd7+ Kf6 50. Kf3 Rd3+ 51. Ke2 Rd4 52. Ke3 Re4+ 53. Kf3 Rd4 54. Rd6+ Kf7 55. Kg3 Rd1 56. Kf3 Rd4 57. Ke3 Re4+ 58. Kf3 Rd4 59. Ke3 {Weighted Error Value: White=0.21 (precise) /Black=0.19 (very precise)} 1/2-1/2

[Event "Marienbad IM-I 2022"]
[Site "Marianske Lazne"]
[Date "2022.01.19"]
[Round "6.12"]
[White "Bracker, Arne"]
[Black "Jurek, Josef"]
[Result "1-0"]
[WhiteElo "2268"]
[BlackElo "2207"]
[Annotator "ChessBase"]
[PlyCount "55"]
[EventDate "2022.01.15"]
[EventType "tourn"]
[EventCountry "CZE"]
[SourceTitle "playchess.com"]
[Source "ChessBase"]
[SourceQuality "1"]
[TimeControl "40/5400+30:1800+30"]

1. e4 {[%emt 0:00:14]} e6 {[%emt 0:00:07]} 2. d4 {[%emt 0:00:14]} d5 {[%emt 0:00:09]} 3. Nd2 {[%emt 0:00:30]} Be7 {[%emt 0:00:25]} 4. Ngf3 {[%emt 0:00:30]} Nf6 {[%emt 0:00:23]} 5. e5 {[%emt 0:00:40]} Nfd7 {[%emt 0:00:13]} 6. Bd3 {[%emt 0:00:23]} c5 {[%emt 0:00:20]} 7. c3 {[%emt 0:00:13]} b6 {[%emt 0:04:46]} 8. O-O {[%emt 0:01:03]} Ba6 {[%emt 0:00:34]} 9. Ne1 {[%emt 0:00:14]} Bxd3 {[%emt 0:02:46]} 10. Nxd3 {[%emt 0:00:09]} Nc6 {[%emt 0:01:26]} 11. Qg4 {[%emt 0:00:18]} g6 {[%emt 0:09:18]} 12. Nf3 {[%emt 0:00:33]} cxd4 {[%emt 0:05:08]} 13. cxd4 {[%emt 0:00:31]} h5 {[%emt 0:05:32]} 14. Qg3 {[%emt 0:00:43]} Nf8 {[%emt 0:05:35]} 15. h4 {[%emt 0:02:37]} Qd7 {[%emt 0:03:56]} 16. Bd2 {[%emt 0:04:21]} Qb7 {[%emt 0:07:40]} 17. Qf4 {[%emt 0:08:42]} a5 {[%emt 0:04:13]} 18. Rfc1 {[%emt 0:04:10]} Rc8 {[%emt 0:08:17]} 19. a3 {[%emt 0:08:14]} a4 {[%emt 0:04:23]} 20. Rc2 {[%emt 0:08:20]} Na5 {[%emt 0:06:24]} 21. Rxc8+ {[%emt 0:03:02]} Qxc8 {[%emt 0:00:13]} 22. Bxa5 {[%emt 0:00:14]} bxa5 {[%emt 0:00:10]} 23. Ng5 {[%emt 0:08:07]} Bxg5 {[%emt 0:01:38]} 24. Qxg5 {[%emt 0:00:50]} Nd7 {[%emt 0:03:08]} 25. Rc1 {[%emt 0:01:43]} Qb7 {[%emt 0:08:14]} 26. Nf4 {[%emt 0:04:50]} Nb6 {[%emt 0:07:56]} 27. Qf6 {[%emt 0:03:51]} O-O {[%emt 0:03:17]} 28. Nxh5 {[%emt 0:02:45]} 1-0

[Event "Marienbad IM-I 2022"]
[Site "Marianske Lazne"]
[Date "2022.01.19"]
[Round "6.13"]
[White "Smolik, Jachym"]
[Black "Frank, Adam"]
[Result "1-0"]
[WhiteElo "2244"]
[BlackElo "2339"]
[Annotator "TA"]
[PlyCount "115"]
[EventDate "2022.01.15"]
[EventType "tourn"]
[EventCountry "CZE"]
[SourceTitle "playchess.com"]
[Source "ChessBase"]
[SourceQuality "1"]

{[%evp 10,114,-21,-23,23,0,-1,7,15,18,13,-92,-101,-90,-91,-138,-117,-135,-142,-162,-163,-183,-144,-137,-120,-133,-118,-114,-58,-61,-29,-27,-34,-106,-76,-81,-64,-68,-62,-63,-70,-70,-74,-80,-49,-29,-40,-104,-108,-268,-254,-313,-204,-189,-168,-164,-147,-230,-123,-130,-82,-68,-68,-57,-58,-58,-81,-97,-86,-91,-46,-47,-43,-35,0,-83,-40,-35,0,-16,10,21,31,0,0,0,0,0,0,0,29984,29985,29985,29986,29986,29987,29987,29988,29988,29989,29989,29982,29982,29983,29998,29999,29999]} 1. d4 g6 2. e4 Bg7 3. g3 d5 4. e5 c5 5. c3 Nc6 6. Bg2 e6 {[#] B06: Modern Defence.} (6... Nh6 {might be stronger.}) 7. f4 $146 ({Predecessor:} 7. dxc5 Nxe5 8. f4 Nd7 9. Be3 Ngf6 10. Nd2 O-O 11. Nh3 Qc7 12. Nb3 b6 13. cxb6 Nxb6 14. Bc5 {0-1 (37) Kantans,T (2443)-Malakhov,V (2717) Riga 2014}) 7... cxd4 8. cxd4 Nge7 {The position is equal.} 9. Nf3 Nf5 10. O-O {[#]} (10. Bh3 $11 {remains equal.}) 10... Ncxd4 $1 11. Nxd4 Qb6 12. Kh1 Qxd4 $17 13. Qe1 h5 14. Nc3 Bd7 15. Rf3 Bc6 16. Ne2 Qb6 17. Rb3 Qc7 18. Bd2 O-O (18... Qd7 $17 19. Qf2 d4 20. Bxc6 bxc6) 19. h3 $1 $15 Qd8 20. Ba5 b6 21. Bc3 (21. Bb4 $15) 21... Ba4 22. Ra3 Bb5 23. Nd4 Nxd4 24. Bxd4 Qe7 25. g4 hxg4 26. hxg4 Rfc8 {[%cal Bf8c8,Bc8c6,Bc6c2][%mdl 32]} 27. Qf2 $1 Rc6 28. Rh3 (28. Rb3 $1 $15 Ba4 29. Rh3) 28... Rac8 $17 29. Kh2 $2 (29. Qe3 $17) 29... Rc2 $19 30. Qg3 Rd2 31. Bc3 Rd3 32. Qf2 Rxh3+ 33. Bxh3 (33. Kxh3 $17 g5 34. a4) 33... Qc5 (33... g5 $1 $19 {Strongly threatening ...Rc4.} 34. a4 Bd3) 34. Qd2 $17 Bh6 (34... Qc4 $142 35. Bf1 Qa4 36. Bxb5 Qxb5) 35. Kg3 Qc4 36. Bf1 {Prevents Qd3+.} Qa4 37. Bg2 Bg7 38. b3 Qa6 39. Bf3 {To avoid Be2} Qb7 ({Black should try} 39... Rc6 $17) 40. a4 Ba6 {[%cal Og6g5]} 41. Bd4 Rc6 42. Qe3 {[#]} (42. b4 $1 $11 {keeps the balance.} Bc4 43. Bd1) 42... Qc8 ({Black should play} 42... Qc7 $1 $17 43. Re1 Rc2) 43. a5 $15 b5 44. b4 $1 Bf8 45. Rh1 {[%cal Of4f5]} Rc4 (45... Bxb4 $2 46. f5 Qf8 47. Qg5 $18) 46. Be2 (46. f5 $5 {[%cal Re3d2]}) 46... Rxb4 {...Ra4 is the strong threat.} (46... Bxb4 47. Bxc4 dxc4 48. f5 $11) 47. f5 {Threatens to win with fxg6.} Ra4 {And now ...Ra3 would win.} ({But not} 47... gxf5 48. gxf5 exf5 49. e6 Rxd4 50. exf7+ (50. Qxd4 Bg7 $14) 50... Kxf7 51. Qxd4 Qc7+ 52. Kg2 $14) (47... exf5 $5 48. e6 Bg7 49. exf7+ Kxf7 $11) 48. fxg6 fxg6 {White must now prevent ...Ra3.} 49. Qg5 $40 {[%mdl 128] White is up to no good. Really sharp!} Rxd4 $4 {[%mdl 8192]} (49... Qc2 $2 {[#]} 50. Qf6 $1 Ra3+ 51. Kf2 Rf3+ 52. Kxf3 $18) (49... Ra3+ $11 50. Kf2 Qe8) 50. Qxg6+ {White mates.} Bg7 51. Qh7+ Kf7 52. Rf1+ Ke8 53. Qxg7 {[%csl Gg7][%cal Rf1f8]} Qc3+ 54. Kh2 {[%csl Gg7][%cal Rf1f8]} Qb4 55. Qg8+ Kd7 56. Rf7+ {[%mdl 64] Skewer} Kc6 57. Qe8+ Kc5 58. Rc7# {Both players deserved the win here.  Weighted Error Value: White=0.17 (very precise) /Black=0.26 (precise)} 1-0